00895cam a2200253 a 450000100040000000500170000400800410002102000150006202000150007704000230009205000240011508200150013910000210015424500720017525000450024726000350029230000420032750500060036952001820037552100180055752100180057565000190059370000290061250720230511103012.0011017r20001982nyua c 000 1 eng  a0380709570 a0590687301 aDLCcDLCdDLCbeng00aPZ7.C5792bRaf 200000a813.542211 aCleary, Beverly.10aRalph S. Mouse /cBeverly Cleary ; illustrated by Paul O. Zelinsky. a1st Scholastic printing, September 1998. aNew York :bScholastic.c1998. a160 pages :billustrations. ;c21 cm. aQ aPresents the further adventures of a motorcycle-riding mouse who goes to school and becomes the instigator of an investigation of rodents and the peacemaker for two lonely boys. a860 bLexile aQ bRaz-Plus 1aMicevFiction.1 aZelinsky, Paul O.,eill.